000 01333nam a2200217 i 4500
001 126911
003 ES-MaACL
005 20230906192913.0
007 t|
008 070214s1978 sp r ||||1| spa d
100 1 _aRibelles Comín, José (
_d1872-1951)
_996761
245 1 0 _aBibliografía de la lengua valenciana
_b: o sea catálogo razonado por orden alfabético de autores, de los libros, folletos, obras dramáticas, periódicos, coloquios, coplas, chistes, discursos, romances, alocuciones, cantares, gozos, etc., que escritos en lengua valenciana y bilingüe, han visto la luz pública desde el establecimiento de la imprenta en España hasta nuestros días /
_cpor José Ribelles Comín ; [ordenado y corregido por Josefina y Carmen Ribelles Barrachina].
_nIV,
_p(Siglo XIX).
260 _aMadrid :
_bServicio de Publicaciones del Ministerio de Educación y Ciencia,
_c1978.
300 _a727 p. ;
_c29 cm.
586 _aObra premiada en el concurso público celebrado por la Biblioteca Nacional en 1905, e impresa a expensas del Estado
650 4 _aLibros catalanes-
_zComunidad Valenciana-
_vBibliografías.
_9168715
700 1 _aRibelles Barrachina, Josefina.
_996760
700 1 _aRibelles Barrachina, Carmen.
_996759
710 1 _aEspaña.
_bMinisterio de Educación y Ciencia.
_93864
852 _aES-MaACL
_jA-9223
999 _c126911
_d126911